| 000 | 00600nam a22001457a 4500 | ||
|---|---|---|---|
| 020 | _a978-1-4447-7581-5 | ||
| 082 |
_a823 _bBAC/F |
||
| 100 | _aBACKMAN, FREDRIK | ||
| 245 | _aA MAN CALLED OVE | ||
| 260 |
_aUK _bHODDER & STOUGHTON _c2015 |
||
| 300 | _a294 | ||
| 520 | _aOverview. A Man Called Ove by Fredrik Backman is a novel titled after its cranky but quietly heroic protagonist. A heart condition has forced Ove, a 59-year-old widower, into early retirement. Now lacking purpose and overwhelmed by grief for his late wife, Ove finds himself contemplating suicide. | ||
| 650 | _aSTORY | ||
| 942 | _cBK | ||
| 999 |
_c7032 _d7032 |
||